[Event "Pan American-ch U20"]
[Site "Duran"]
[Date "2011.06.06"]
[Round "2"]
[White "Olvera Urena, Yasser"]
[Black "Henriquez Villagra, Cristobal"]
[Result "1/2-1/2"]
[WhiteElo "1749"]
[BlackElo "2218"]
[PlyCount "88"]
[EventDate "2011.06.05"]
[EventType "swiss"]
[EventRounds "9"]
[EventCountry "ECU"]
[SourceTitle "EXT 2022"]
[Source "ChessBase"]
[SourceDate "2021.10.06"]
[SourceVersion "1"]
[SourceVersionDate "2021.10.06"]
[SourceQuality "1"]

1. e4 c5 2. d3 Nc6 3. g3 g6 4. Bg2 Bg7 5. Nc3 e6 6. Nge2 Nge7 7. Be3 d6 8. Qd2 h6 9. h4 Nd4 10. f4 Nxe2 11. Qxe2 Qb6 12. 0-0-0 Bd7 13. Qf2 Bxc3 14. bxc3 Qa5 15. Kd2 Rc8 16. h5 d5 17. exd5 exd5 18. hxg6 fxg6 19. Rde1 Bf5 20. g4 Bxg4 21. Qh4 Bf5 22. Qf6 Rf8 23. Qe5 Qc7 24. Qxc7 Rxc7 25. Rxh6 Rf6 26. Bf2 Re6 27. Rxe6 Bxe6 28. Rh1 b6 29. Bh4 Nf5 30. Bf6 Rf7 31. Be5 Ne7 32. Rf1 Kd7 33. a3 Nc6 34. Ke3 Ne7 35. Bf3 Rh7 36. Rf2 Nf5+ 37. Kd2 Rh4 38. Bg2 Rh2 39. Ke2 a6 40. Bf3 Rh6 41. Rg2 Kc6 42. Rf2 Kb5 43. Kd2 Ka4 44. Bc7 Kb5 1/2-1/2

[Event "Pan American-ch U20"]
[Site "Duran"]
[Date "2011.06.05"]
[Round "1"]
[White "Torres Rosas, Luis Carlos"]
[Black "Olvera Urena, Yasser"]
[Result "0-1"]
[WhiteElo "2129"]
[BlackElo "1749"]
[PlyCount "52"]
[EventDate "2011.06.05"]
[EventType "swiss"]
[EventRounds "9"]
[EventCountry "ECU"]
[SourceTitle "EXT 2022"]
[Source "ChessBase"]
[SourceDate "2021.10.06"]
[SourceVersion "1"]
[SourceVersionDate "2021.10.06"]
[SourceQuality "1"]

1. d4 Nf6 2. e4 e6 3. Nf3 Bb4+ 4. Nbd2 b6 5. a3 Be7 6. g3 Bb7 7. Bg2 0-0 8. 0-0 a5 9. b3 Na6 10. Bb2 c5 11. Re1 d5 12. exd5 exd5 13. Ne5 cxd4 14. Ndf3 Re8 15. Nxd4 Bc5 16. Nd3 Ne4 17. Nf4 Bd6 18. c3 Be5 19. Rc1 Nac5 20. b4 axb4 21. axb4 Na4 22. Ba1 Bd6 23. Nd3 Qd7 24. f3 Ng5 25. Qb3 Bb8 26. Nf4 b5 0-1